Transformaciones rurales en El Salvador /
Uloženo v:
| Hlavní autor: | |
|---|---|
| Médium: | Text |
| Tagy: |
Přidat tag
Žádné tagy, Buďte první, kdo vytvoří štítek k tomuto záznamu!
|
MARC
| LEADER | 00000 a a2200000 04500 | ||
|---|---|---|---|
| 001 | 46450 | ||
| 003 | |||
| 040 | |||
| 100 | |a Alvarez Ramírez, José Alejandro | ||
| 245 | |a Transformaciones rurales en El Salvador / |c José Alejandro Alvarez Ramírez | ||
| 773 | |g número137 ( , 2013), páginas 483-497 : tablas, gráfico | ||
| 999 | |c 31183 |d 31183 | ||
